000 00746nam a2200241Ia 4500
003 OSt
005 20220926013442.0
006 a|||||r|||| 00| 0
007 ta
008 220923b |||||||| |||| 00| 0 eng d
020 _a1850433968
_c795.00
037 _b1320, 20/07/2006, The Bookseller
_cGeneral Book
040 _aRTL
_cRTL
_beng
041 _2eng
_aeng
082 _aY9(W81), P3
100 _aBurke Jason
_9144486
245 0 _aAl-Qaeda
_b Casting a shadow of terror
260 _aNew York
_bI B Tauris USA
_c2003
300 _avii,292p
_ccm.
650 _aPolitical Sociology Revolution
_9291954
942 _hY9(W81), P3
_cGB
_2CC
999 _c626011
_d626011